MARC

LEADER 00000cam a2200000 7i4500
001 0000020198
005 20071004.0
040 |a INS 
090 0 0 |a M162 
110 1 |a Kursus bimbingan PTK subjek umum gred W27   |k 2007 22 - 24 Januari   |c INSPEN, Bangi 
245 0 0 |a Kursus bimbingan PTK subjek umum gred W27 :   |b 22 - 24 Januari 2007   |c Anjuran Pusat Pembangunan Profesional dan Eksekutif INSPEN 
260 |a Bangi :   |b Institut Penilaian Negara ,   |c 2007 
300 |a 1 v. (Mukasurat pelbagai ) :   |b ill. ;   |c 30 cm. 
650 0 0 |a Civil services   |x Examinations, questions, etc. 
650 0 0 |a Valuation   |x Employees   |x Examinations, questions, etc. 
710 1 |a INSPEN (Institut Penilaian Negara ) 
856 |u http://app.inspen.gov.my:7779/pls/portal/docs/PAGE/CORPORATEPAGES/PORTAL_INSPEN/NOTA_KURSUS/MANAGEMENT/AC)%20KURSUS%20BIMBINGAN%20PTK%20SUBJEK%20UMUM%20GRED%20W27.PDF 
999 |a M000000286   |b BOOK   |c Course Notes   |e Default branch 
999 |a M000000287   |b BOOK   |c Course Notes   |e Default branch 
999 |a M000000306   |b BOOK   |c Course Notes   |e Default branch